| 000 | 00695nam a2200193 a 4500 | ||
|---|---|---|---|
| 001 | 000030066 | ||
| 005 | 20200930060020.0 | ||
| 008 | 110428s1985 dr a 000 0 spa d | ||
| 040 |
_aDO-SdBNP _bspa _cBNPHU |
||
| 082 |
_axxx _bM294p |
||
| 245 | 0 | 1 |
_aManual de prácticas de laboratorio análisis químico cuantitativo : _bQUI-241, QUI-242, QUI / _cMilecia Acosta de Nesrala...[et. al.]. |
| 260 |
_aSanto Domingo : _bEditora Universitaria, (UASD), _c1985. |
||
| 300 |
_a72 p. : _bil. ; _c28 cm. |
||
| 700 | 1 |
_aAcosta de Nesrala, Milecia _956767 |
|
| 700 | 1 |
_aRubiera de Cabral, Altagracia _956768 |
|
| 700 | 1 |
_aPeralta de Cruz _956769 |
|
| 700 | 1 |
_aFermin Gutiérrez, Pedro _956770 |
|
| 049 | _aBNPD | ||
| 999 |
_c29558 _d29558 |
||